| 000 | 00522nam a22002057a 4500 | ||
|---|---|---|---|
| 003 | OSt | ||
| 005 | 20140310181736.0 | ||
| 008 | 130320t xxu||||| |||| 00| 0 eng d | ||
| 020 | _a0394800028 | ||
| 050 |
_aPZ8.3 _b.G276 |
||
| 082 |
_aPZ8.3 _b.G276 |
||
| 245 |
_aThe cat in the hat comes back! _c Dr. Seuss. |
||
| 260 |
_aNew York : _b Beginner Books, _c c1958 |
||
| 300 |
_a61 p. : _b col. ill. ; _c24 cm. |
||
| 521 | _aGrade 4 | ||
| 526 | _c640L-780L | ||
| 541 | _j1 | ||
| 562 | _e1 | ||
| 942 |
_2lcc _cBK-GS _kGS |
||
| 999 |
_c2608 _d2608 |
||